000 02088nam a2200409 a 4500
001 ebr10477163
003 CaPaEBR
006 m u
007 cr cn|||||||||
008 100121s2010 wauabf sb s001 0 eng d
010 _z 2010002144
020 _z9780295990200 (pbk. : alk. paper)
020 _z0295990201 (pbk. : alk. paper)
020 _z9780295801971 (e-book)
040 _aCaPaEBR
_cCaPaEBR
035 _a(OCoLC)742514408
043 _an-us-or
_an-us-wa
050 1 4 _aE78.C64
_bF57 2010eb
082 0 4 _a323.11970797
_222
100 1 _aFisher, Andrew H.
245 1 0 _aShadow tribe
_h[electronic resource] :
_bthe making of Columbia River Indian identity /
_cAndrew H. Fisher.
260 _aSeattle :
_bCenter for the Study of the Pacific Northwest in association with University of Washington Press,
_cc2010.
300 _axi, 337 p., [16] p. of plates :
_bill., maps.
490 1 _aThe Emil and Kathleen Sick lecture-book series in western history and biography
504 _aIncludes bibliographical references and index.
505 0 _aIntroduction -- People of the river -- Making treaties, making tribes -- They mean to be Indian always -- Places of persistence -- Spaces of resistance -- Home folk -- Submergence and resurgence.
533 _aElectronic reproduction.
_bPalo Alto, Calif. :
_cebrary,
_d2013.
_nAvailable via World Wide Web.
_nAccess may be limited to ebrary affiliated libraries.
650 0 _aIndians of North America
_zColumbia River Valley
_xHistory.
650 0 _aIndians of North America
_zColumbia River Valley
_xEthnic identity.
650 0 _aIndians of North America
_zColumbia River Valley
_xGovernment relations.
650 0 _aTribal government
_zColumbia River Valley.
651 0 _aColumbia River Valley
_xEthnic relations.
655 7 _aElectronic books.
_2local
710 2 _aebrary, Inc.
830 0 _aEmil and Kathleen Sick lecture-book series in western history and biography.
856 4 0 _uhttp://site.ebrary.com/lib/rucke/Doc?id=10477163
_zAn electronic book accessible through the World Wide Web; click to view
999 _c116081
_d116081